header

Farm business management (Record no. 104730)

MARC details
000 -LEADER
fixed length control field 01206nam a2200301Ia 4500
082 04 - DEWEY DECIMAL CLASSIFICATION NUMBER
Classification number 630.68
100 1# - MAIN ENTRY--AUTHOR NAME
Personal name Nuthall, P. L.
245 10 - TITLE STATEMENT
Title Farm business management
260 ## - PUBLICATION, DISTRIBUTION, ETC. (IMPRINT)
Place of publication Wallingford, Oxfordshire, UK ;
-- Cambridge, MA :
Name of publisher CAB International,
Year of publication c2010.
300 ## - PHYSICAL DESCRIPTION
Number of Pages xv, 216 p. :
Other physical details ill.
650 #0 - SUBJECT ADDED ENTRY--TOPICAL TERM
Topical Term Farm management
Topical Term Farm managers.
856 40 - ELECTRONIC LOCATION AND ACCESS
Uniform Resource Identifier http://site.ebrary.com/lib/rucke/Doc?id=10359288

No items available.

© 2026 Rongo University
Contact us: librarian | system librarian | Rongo university